000 00850nam a22002417a 4500
999 _c976
_d976
003 AR-CdUCM
008 190226b ||||| |||| 00| 0 spa d
040 _aMUNICIPALIDAD PROVINCIAL DEL CUSCO
_cBIBLIOTECA MUNICIPAL DEL CUSCO
041 _hita
082 _a251.2 /
_bC26
100 _aCarretto, C.
_93810
245 _aCartas del desierto /
_cC. Carretto
260 _aCaracas :
_bPaulinas,
_c1966.
300 _a157 paginas ;
_c17 cm.
505 _aBajo la gran piedra -- Seréis juzgado sobre el amor -- Quien gobierna el mundo -- Purificación del corazón -- En camino hacia la oración -- Los tiempos de la oración ...
650 _aEspiritualidad
_93669
650 _aCongregación
_93811
650 _aReligión
_91195
650 _aReflexiones
_93812
700 _aLeón, A .O.
_93813
942 _2ddc
_cLIBROS
945 _aacv
_d2019-02-26